|
|
|
|
| LEADER |
00000ntm a22000007u 4500 |
| 001 |
zp2689 |
| 041 |
|
|
|a cze
|
| 100 |
1 |
|
|a Švihla, Tomáš
|4 dis
|
| 245 |
1 |
0 |
|a Obal jako prostředek komunikace
|
| 246 |
|
|
|a Package as a Means of Communication
|
| 260 |
|
|
|c 2006
|
| 300 |
|
|
|a 51s., 9s. príloh
|
| 500 |
|
|
|a Studijní obor: Marketingové komunikace
|
| 500 |
|
|
|a Studijní obor: Marketing Communications
|
| 500 |
|
|
|a Ústav: Ústav marketingových komunikací
|
| 500 |
|
|
|a Univerzita Tomáše Bati ve Zlíně. Fakulta multimediálních komunikací
|
| 500 |
|
|
|a Tomas Bata University in Zlín. Faculty of Multimedia Communications
|
| 506 |
|
|
|a Pouze v rámci univerzity
|
| 653 |
|
|
|a Obal
|
| 653 |
|
|
|a obalový design
|
| 653 |
|
|
|a marketing
|
| 653 |
|
|
|a národní a mezinárodní znaky designu
|
| 653 |
|
|
|a komunikace
|
| 653 |
|
|
|a zá-kazník
|
| 653 |
|
|
|a technické a komerční funkce obalu
|
| 653 |
|
|
|a legislativa
|
| 653 |
|
|
|a životní prostředí
|
| 653 |
|
|
|a spotřebitelské testování
|
| 653 |
|
|
|a reklama
|
| 653 |
|
|
|a Scholler
|
| 653 |
|
|
|a Cortina
|
| 653 |
|
|
|a Cortina Grand
|
| 653 |
|
|
|a Package
|
| 653 |
|
|
|a package design
|
| 653 |
|
|
|a marketing
|
| 653 |
|
|
|a national and international features of design
|
| 653 |
|
|
|a commu-nication
|
| 653 |
|
|
|a customer
|
| 653 |
|
|
|a technical and commercial functions of a package
|
| 653 |
|
|
|a legislation life
|
| 653 |
|
|
|a envi-ronment
|
| 653 |
|
|
|a consumers testing
|
| 653 |
|
|
|a advertising
|
| 653 |
|
|
|a Scholler
|
| 653 |
|
|
|a Cortina
|
| 653 |
|
|
|a Cortina Grand
|
| 655 |
|
4 |
|a bakalářská práce
|
| 700 |
1 |
|
|a Křížek, Zdeněk
|4 ths
|
| 710 |
2 |
|
|a Univerzita Tomáše Bati ve Zlíně. Fakulta multimediálních komunikací
|4 dgg
|
| 710 |
2 |
|
|a Tomas Bata University in Zlín. Faculty of Multimedia Communications
|4 dgg
|
| 856 |
4 |
0 |
|u http://hdl.handle.net/10563/915
|y Plný text v Digitální knihovně UTB
|